Name Every 2024-25 Toronto Maple Leaf - Statistics

General Stats
  • This quiz has been taken 23 times
    12 since last reset
  • The average score is 21 of 36
Answer Stats
Jersey # Position GP* (On Leafs) Player % Correct
#8 RD 75 Chris Tanev
88%
#60 G 42 Joseph Woll
88%
#95 LD 77 Oliver Ekman-Larsson
88%
#41 G 34 Anthony Stolarz
75%
#34 C 67 Auston Matthews
75%
#91 C, LW 75 John Tavares
75%
#23 LW 78 Matthew Knies
75%
#11 C, LW 74 Max Domi
75%
#44 LD 82 Morgan Rielly
75%
#89 LW 69 Nick Robertson
75%
#2 LD 78 Simon Benoit
75%
#92 RW, LW 5 Alexander Nylander
63%
#19 RW, C, LW 19 Calle Jarnkrok
63%
#64 C 59 David Kampf
63%
#35 G 6 Dennis Hildeby
63%
#39 C, LW 15 Fraser Minten
63%
#30 G 2 Matt Murray
63%
#16 RW 81 Mitch Marner
63%
#18 C 80 Steven Lorentz
63%
#88 RW 82 William Nylander
63%
#74 RW, LW 74 Bobby McMann
50%
#25 RD 20 Brandon Carlo
50%
#22 LD/RD 66 Jake McCabe
50%
#71 RW, LW 7 Nikita Grebyonkin
50%
#51 RD 36 Philippe Myers
50%
#29 C, LW 68 Pontus Holmberg
50%
#37 RD 1 Timothy Liljegren
50%
#24 C, LW 31 Connor Dewar
38%
#25 RD 51 Connor Timmins
38%
#61 C, LW, RW 1 Jacob Quillan
38%
#75 RW 35 Ryan Reaves
38%
#24 C, LW 20 Scott Laughton
38%
#46 LW, RW 7 Alex Steeves
25%
#36 LD 2 Dakota Mermis
25%
#28 RD 2 Jani Hakanpaa
25%
#67 LW 37 Max Pacioretty
25%
No matching quizzes found
Score Distribution
Percent of People with Each Score
Percentile by Number Answered
Your Score History
You have not taken this quiz since the last reset